[Event "VL18/19"]
[Site "Mecklenburg-Vorpommern"]
[Date "2018.12.16"]
[Round "4.5"]
[White "Krautschick, Clemens"]
[Black "Junggebauer, Thomas"]
[Result "1/2-1/2"]
[WhiteElo "1828"]
[BlackElo "1902"]
[PlyCount "89"]
[EventDate "2018.??.??"]
[EventType "team-tourn"]
[EventRounds "9"]
[EventCountry "GER"]
[WhiteTeam "SSC Rostock"]
[BlackTeam "Gruen-Weiss Wismar"]
[WhiteTeamCountry "GER"]
[BlackTeamCountry "GER"]

1. e4 c5 2. g3 Nc6 3. Bg2 Nf6 4. Nc3 e6 5. d3 Be7 6. f4 O-O 7. Nf3 d5 8. e5 Ne8
9. O-O a6 10. Ne2 Qc7 11. c3 g6 12. d4 Ng7 13. a3 b6 14. Be3 a5 15. g4 Ba6 16.
Rf2 Bxe2 17. Qxe2 f5 18. Ng5 Bxg5 19. fxg5 cxd4 20. cxd4 fxg4 21. Rf6 Rxf6 22.
gxf6 Nf5 23. Qd3 Rc8 24. Rc1 Qb7 25. Bf2 b5 26. h3 g3 27. Be3 Na7 28. Rxc8+
Qxc8 29. Bd2 a4 30. Bc3 Qc4 31. Bf1 Qxd3 32. Bxd3 Nc6 33. Bxf5 gxf5 34. Kg2 Kf7
35. Kxg3 Kg6 36. Kf4 Nd8 37. h4 Nf7 38. Be1 Kh5 39. Kf3 Nh6 40. Bd2 Nf7 41. Be1
Nh6 42. Bd2 Nf7 43. Kg3 Nd8 44. Be3 Nf7 45. Bd2 1/2-1/2

[Event "VL18/19"]
[Site "Mecklenburg-Vorpommern"]
[Date "2018.12.16"]
[Round "4.6"]
[White "Bahr, Enrico"]
[Black "Hingst, Silke"]
[Result "1/2-1/2"]
[WhiteElo "1874"]
[BlackElo "1844"]
[PlyCount "103"]
[EventDate "2018.??.??"]
[EventType "team-tourn"]
[EventRounds "9"]
[EventCountry "GER"]
[WhiteTeam "Gruen-Weiss Wismar"]
[BlackTeam "SSC Rostock"]
[WhiteTeamCountry "GER"]
[BlackTeamCountry "GER"]

1. d4 f5 2. Nf3 Nf6 3. Bg5 d5 4. e3 Nbd7 5. Bd3 e6 6. Nbd2 Be7 7. O-O O-O 8. c4
h6 9. Bxf6 Rxf6 10. Qb3 c6 11. cxd5 exd5 12. e4 fxe4 13. Nxe4 Rf8 14. Rae1 Qb6
15. Ned2 Qxb3 16. Nxb3 Bb4 17. Re2 Nf6 18. Ne5 Bg4 19. f3 Bh5 20. a3 Bd6 21.
Rfe1 Rfe8 22. Bf5 Re7 23. Ng6 Rxe2 24. Rxe2 Kf7 25. Nh4 Re8 26. Rxe8 Nxe8 27.
g4 Be7 28. Ng2 Bg6 29. Bxg6+ Kxg6 30. Kf2 Nd6 31. Nd2 Bd8 32. Ke3 Bb6 33. Kd3
h5 34. Nf4+ Kg5 35. Nxh5 g6 36. Ng3 Kh4 37. Ne2 g5 38. b4 Kh3 39. a4 Kxh2 40.
f4 gxf4 41. Nxf4 Bd8 42. Ne6 Be7 43. g5 Nf5 44. g6 Bf6 45. Nb3 b6 46. b5 cxb5
47. axb5 Kg3 48. Na1 Kg4 49. Nc2 Nd6 50. Ne3+ Kh5 51. Nxd5 Kxg6 52. Nc3 1/2-1/2

[Event "VL18/19"]
[Site "Mecklenburg-Vorpommern"]
[Date "2018.12.16"]
[Round "4.7"]
[White "Kallweit, Paul"]
[Black "Schulz, Bernd"]
[Result "1-0"]
[WhiteElo "1740"]
[BlackElo "1846"]
[PlyCount "59"]
[EventDate "2018.??.??"]
[EventType "team-tourn"]
[EventRounds "9"]
[EventCountry "GER"]
[WhiteTeam "SSC Rostock"]
[BlackTeam "Gruen-Weiss Wismar"]
[WhiteTeamCountry "GER"]
[BlackTeamCountry "GER"]

1. d4 d5 2. c4 e6 3. Nc3 Nf6 4. Bg5 Be7 5. Nf3 O-O 6. e3 Nbd7 7. cxd5 Nxd5 8.
Bxe7 Qxe7 9. Bd3 Nxc3 10. bxc3 e5 11. Qb1 h6 12. O-O Re8 13. Bh7+ Kh8 14. Bf5
exd4 15. cxd4 Nb6 16. Ne5 Bxf5 17. Qxf5 Kg8 18. Rfc1 c6 19. a4 Qe6 20. Qxe6
Rxe6 21. a5 Nc8 22. a6 b6 23. Nxc6 Ne7 24. Nb4 Rc8 25. d5 Re4 26. d6 Re8 27.
dxe7 Rxb4 28. Rc7 Re4 29. Rxa7 R4xe7 30. Rxe7 1-0

[Event "VL18/19"]
[Site "Mecklenburg-Vorpommern"]
[Date "2018.12.16"]
[Round "4.8"]
[White "Borchert, Chris"]
[Black "Witek, Jarne"]
[Result "1-0"]
[WhiteElo "2030"]
[BlackElo "1532"]
[PlyCount "53"]
[EventDate "2018.??.??"]
[EventType "team-tourn"]
[EventRounds "9"]
[EventCountry "GER"]
[WhiteTeam "Gruen-Weiss Wismar"]
[BlackTeam "SSC Rostock"]
[WhiteTeamCountry "GER"]
[BlackTeamCountry "GER"]

1. d4 d5 2. Bg5 Nf6 3. e3 Nbd7 4. Nf3 Ne4 5. Bh4 g6 6. Nbd2 Ndf6 7. c4 c6 8.
cxd5 cxd5 9. Bb5+ Bd7 10. Bxd7+ Qxd7 11. O-O Bg7 12. Ne5 Qb5 13. Nxe4 Nxe4 14.
Rc1 Bxe5 15. dxe5 e6 16. f3 Nc5 17. Bf6 Rg8 18. Qd4 Na6 19. Qf4 Kd7 20. Bg5 f5
21. exf6 Qxb2 22. Qa4+ Kd6 23. Rb1 Qd2 24. f7 Rgf8 25. Qf4+ Kc6 26. Be7 g5 27.
Qd6# 1-0

[Event "VL18/19"]
[Site "Mecklenburg-Vorpommern"]
[Date "2018.12.16"]
[Round "4.1"]
[White "Schmekel, Florian"]
[Black "Montag, Ralf"]
[Result "1-0"]
[WhiteElo "2016"]
[BlackElo "1948"]
[PlyCount "41"]
[EventDate "2018.??.??"]
[EventType "team-tourn"]
[EventRounds "9"]
[EventCountry "GER"]
[WhiteTeam "SAV Torgelow"]
[BlackTeam "VT Ludwigslust"]
[WhiteTeamCountry "GER"]
[BlackTeamCountry "GER"]

1. d4 f5 2. Nf3 b6 3. g3 Bb7 4. Bg2 Nf6 5. O-O e6 6. c4 Be7 7. Nc3 O-O 8. d5
Bb4 9. Bd2 Bxc3 10. Bxc3 Ne4 11. Bb4 d6 12. Nd2 exd5 13. cxd5 Qe7 14. Nxe4 fxe4
15. Qd4 Na6 16. Bc3 Nc5 17. h4 Na4 18. Rac1 Nxc3 19. Rxc3 Rae8 20. Re3 c5 21.
dxc6 1-0

[Event "VL18/19"]
[Site "Mecklenburg-Vorpommern"]
[Date "2018.12.16"]
[Round "4.2"]
[White "Wiemer, Juergen"]
[Black "Lehmann, Ruben"]
[Result "1-0"]
[WhiteElo "1915"]
[BlackElo "1908"]
[PlyCount "75"]
[EventDate "2018.??.??"]
[EventType "team-tourn"]
[EventRounds "9"]
[EventCountry "GER"]
[WhiteTeam "VT Ludwigslust"]
[BlackTeam "SAV Torgelow"]
[WhiteTeamCountry "GER"]
[BlackTeamCountry "GER"]

1. e4 c5 2. c3 d5 3. exd5 Qxd5 4. d4 cxd4 5. cxd4 Nc6 6. Be3 Nf6 7. Nc3 Qa5 8.
a3 e6 9. b4 Qd8 10. Bc4 Bd6 11. h3 O-O 12. Nge2 Ne7 13. Bg5 Ng6 14. Ne4 Be7 15.
Nxf6+ Bxf6 16. Be3 Bd7 17. Qb3 Bc6 18. O-O Nh4 19. f3 Nf5 20. b5 Bd5 21. Bxd5
Qxd5 22. Qxd5 exd5 23. Bf2 Rfe8 24. Ra2 Rac8 25. Rd1 Rc4 26. Rd3 Rec8 27. g4
Ne7 28. h4 g6 29. Kg2 Rc2 30. Rd2 Rxa2 31. Rxa2 Rc4 32. Bg3 Bxd4 33. Nxd4 Rxd4
34. Re2 Ra4 35. Bd6 Nc6 36. bxc6 bxc6 37. Re8+ Kg7 38. g5 1-0

[Event "VL18/19"]
[Site "Mecklenburg-Vorpommern"]
[Date "2018.12.16"]
[Round "4.3"]
[White "Zentgraf, Robert"]
[Black "Krueger, Horst"]
[Result "1-0"]
[WhiteElo "2105"]
[BlackElo "1899"]
[PlyCount "93"]
[EventDate "2018.??.??"]
[EventType "team-tourn"]
[EventRounds "9"]
[EventCountry "GER"]
[WhiteTeam "SAV Torgelow"]
[BlackTeam "VT Ludwigslust"]
[WhiteTeamCountry "GER"]
[BlackTeamCountry "GER"]

1. d4 d5 2. Nf3 Nf6 3. g3 c6 4. Bg2 Bf5 5. O-O Nbd7 6. Nbd2 e6 7. c4 Be7 8. b3
O-O 9. Bb2 Ne4 10. Rc1 h6 11. Ne1 Qa5 12. Nxe4 dxe4 13. Bc3 Qa6 14. a4 c5 15.
Nc2 Bf6 16. Ne3 Rad8 17. Nxf5 exf5 18. d5 Bxc3 19. Rxc3 Qf6 20. Qc1 Ne5 21. f3
exf3 22. exf3 Ng6 23. f4 Rfe8 24. Rd3 Qd6 25. Re1 Nf8 26. Rde3 Rxe3 27. Qxe3 b6
28. Qe5 g6 29. Bf3 f6 30. Qe3 Kf7 31. Kg2 Qd7 32. Qd3 Qd6 33. h3 Re8 34. Rd1 h5
35. a5 Kg7 36. axb6 axb6 37. Ra1 Ne6 38. Ra7+ Nc7 39. Qd2 Kh6 40. Qc1 g5 41.
Kf2 b5 42. fxg5+ fxg5 43. h4 Rg8 44. hxg5+ Rxg5 45. Qf4 Qxf4 46. gxf4 Rg7 47.
d6 1-0

[Event "VL18/19"]
[Site "Mecklenburg-Vorpommern"]
[Date "2018.12.16"]
[Round "4.4"]
[White "Hilpert, Andreas"]
[Black "Bauer, Norbert"]
[Result "0-1"]
[WhiteElo "1860"]
[BlackElo "2026"]
[Annotator "User"]
[PlyCount "45"]
[EventDate "2018.??.??"]
[EventType "team-tourn"]
[EventRounds "9"]
[EventCountry "GER"]
[WhiteTeam "VT Ludwigslust"]
[BlackTeam "SAV Torgelow"]
[WhiteTeamCountry "GER"]
[BlackTeamCountry "GER"]

1. e4 c5 2. Nc3 a6 3. a4 e6 4. g3 Nc6 5. Bg2 g6 6. Nge2 Bg7 7. O-O Nge7 8. d3
O-O 9. Be3 Nd4 10. Qd2 d6 11. f4 Rb8 12. g4 f5 13. g5 Nec6 14. exf5 Nxf5 15.
Bf2 Ncd4 16. Nxd4 cxd4 17. Nd1 Bd7 18. c3 Bc6 19. Be4 Qd7 20. a5 dxc3 21. bxc3
Ne7 22. Ra2 Nd5 23. Be3 {Konnte die Züge nicht mehr nachvollziehen,da ich
auch nur ein Formular hatte.} 0-1

[Event "VL18/19"]
[Site "Mecklenburg-Vorpommern"]
[Date "2018.12.16"]
[Round "4.5"]
[White "Ehlers, Michael"]
[Black "Meier, Klaus"]
[Result "1/2-1/2"]
[WhiteElo "1850"]
[BlackElo "1805"]
[PlyCount "58"]
[EventDate "2018.??.??"]
[EventType "team-tourn"]
[EventRounds "9"]
[EventCountry "GER"]
[WhiteTeam "SAV Torgelow"]
[BlackTeam "VT Ludwigslust"]
[WhiteTeamCountry "GER"]
[BlackTeamCountry "GER"]

1. e4 c5 2. Nf3 d6 3. d4 cxd4 4. Nxd4 Nf6 5. Nc3 a6 6. Be2 e6 7. Be3 Be7 8. O-O
O-O 9. f4 Nc6 10. Nxc6 bxc6 11. Qd2 d5 12. Bf3 Rb8 13. b3 Bb4 14. e5 Nd7 15. a3
Ba5 16. b4 Bb6 17. Na4 Bxe3+ 18. Qxe3 a5 19. c3 Ba6 20. Rfe1 Bb5 21. Nc5 Nxc5
22. Qxc5 Qb6 23. Qxb6 Rxb6 24. Kf2 Bc4 25. Ke3 c5 26. bxc5 Rc6 27. Rab1 Rxc5
28. Rb6 Rfc8 29. Reb1 g6 1/2-1/2

[Event "VL18/19"]
[Site "Mecklenburg-Vorpommern"]
[Date "2018.12.16"]
[Round "4.6"]
[White "Emmrich, Olaf"]
[Black "Bress, Aaron"]
[Result "1/2-1/2"]
[WhiteElo "1802"]
[BlackElo "1831"]
[PlyCount "44"]
[EventDate "2018.??.??"]
[EventType "team-tourn"]
[EventRounds "9"]
[EventCountry "GER"]
[WhiteTeam "VT Ludwigslust"]
[BlackTeam "SAV Torgelow"]
[WhiteTeamCountry "GER"]
[BlackTeamCountry "GER"]

1. e4 c5 2. Nf3 e6 3. c3 Nf6 4. e5 Nd5 5. d4 cxd4 6. Nxd4 a6 7. Nd2 Qc7 8. N2f3
d6 9. exd6 Bxd6 10. Bd3 Nxc3 11. Qb3 Nd5 12. Bd2 Nc6 13. Nxc6 bxc6 14. Rc1 Bb7
15. O-O O-O 16. Qc2 h6 17. Qc4 Rfe8 18. Qh4 Nf4 19. Bxf4 Bxf4 20. Rc4 Bd6 21.
Rg4 Kh8 22. Qh3 Qe7 1/2-1/2

[Event "VL18/19"]
[Site "Mecklenburg-Vorpommern"]
[Date "2018.12.16"]
[Round "4.7"]
[White "Troemer, Felix"]
[Black "Zacharias, Uwe"]
[Result "0-1"]
[WhiteElo "1808"]
[BlackElo "1834"]
[PlyCount "60"]
[EventDate "2018.??.??"]
[EventType "team-tourn"]
[EventRounds "9"]
[EventCountry "GER"]
[WhiteTeam "SAV Torgelow"]
[BlackTeam "VT Ludwigslust"]
[WhiteTeamCountry "GER"]
[BlackTeamCountry "GER"]

1. e4 c5 2. Nf3 Nc6 3. d4 cxd4 4. Nxd4 g6 5. Nc3 Bg7 6. Be3 Nf6 7. Bc4 O-O 8.
Bb3 d6 9. f3 Na5 10. Qd2 Bd7 11. O-O-O Rc8 12. Kb1 Nc4 13. Bxc4 Rxc4 14. Nde2
a5 15. Bh6 b5 16. h4 b4 17. Nd5 Nxd5 18. exd5 Bf5 19. Rc1 Bxh6 20. Qxh6 Qc7 21.
g4 Bxc2+ 22. Rxc2 Rxc2 23. Nd4 Rxb2+ 24. Kxb2 Qc3+ 25. Kb1 Qxd4 26. h5 Qxd5 27.
Qe3 Qe5 28. Qh6 g5 29. f4 Qe4+ 30. Kb2 Qxf4 0-1

[Event "VL18/19"]
[Site "Mecklenburg-Vorpommern"]
[Date "2018.12.16"]
[Round "4.8"]
[White "Altenburg, Reiner"]
[Black "Grossmann, Piet"]
[Result "1/2-1/2"]
[WhiteElo "1699"]
[BlackElo "1688"]
[PlyCount "33"]
[EventDate "2018.??.??"]
[EventType "team-tourn"]
[EventRounds "9"]
[EventCountry "GER"]
[WhiteTeam "VT Ludwigslust"]
[BlackTeam "SAV Torgelow"]
[WhiteTeamCountry "GER"]
[BlackTeamCountry "GER"]

1. d4 e6 2. c4 Nf6 3. Nf3 Bb4+ 4. Bd2 Qe7 5. Nc3 O-O 6. e3 b6 7. Be2 Bb7 8. O-O
d6 9. a3 Bxc3 10. Bxc3 Nbd7 11. Nd2 c5 12. Bf3 Bxf3 13. Qxf3 Rfd8 14. Rfe1 d5
15. cxd5 Nxd5 16. e4 Nxc3 17. bxc3 1/2-1/2

[Event "VL18/19"]
[Site "Mecklenburg-Vorpommern"]
[Date "2018.12.16"]
[Round "4.1"]
[White "Wolke, Heiko"]
[Black "Wagner, Ralph"]
[Result "1-0"]
[WhiteElo "1961"]
[BlackElo "2062"]
[PlyCount "52"]
[EventDate "2018.??.??"]
[EventType "team-tourn"]
[EventRounds "9"]
[EventCountry "GER"]
[WhiteTeam "SFO Warnemuende"]
[BlackTeam "SF Schwerin III"]
[WhiteTeamCountry "GER"]
[BlackTeamCountry "GER"]

1. e4 e6 2. d3 d5 3. Nd2 c5 4. Ngf3 Nc6 5. g3 Nf6 6. Bg2 Be7 7. O-O O-O 8. c3
b5 9. exd5 exd5 10. c4 Nb4 11. Ne5 Bd6 12. Ndf3 Qc7 13. Bf4 g5 14. Bxg5 Bxe5
15. Qe2 Nd7 16. a3 Nxd3 17. Qxd3 dxc4 18. Qe4 Bb7 19. Qg4 f5 20. Qh4 Qc6 21.
Rfe1 Bg7 22. Re7 h6 23. Rae1 Bf6 24. Qxh6 Bxe7 25. Re6 Rf6 26. Bxf6 Bxf6 1-0

[Event "VL18/19"]
[Site "Mecklenburg-Vorpommern"]
[Date "2018.12.16"]
[Round "4.2"]
[White "Wandel, Bernd"]
[Black "Ruesch, Hans Joachim"]
[Result "1/2-1/2"]
[WhiteElo "2036"]
[BlackElo "1959"]
[PlyCount "120"]
[EventDate "2018.??.??"]
[EventType "team-tourn"]
[EventRounds "9"]
[EventCountry "GER"]
[WhiteTeam "SF Schwerin III"]
[BlackTeam "SFO Warnemuende"]
[WhiteTeamCountry "GER"]
[BlackTeamCountry "GER"]

1. d4 g6 2. c4 Bg7 3. Nc3 d6 4. e4 Nf6 5. f3 O-O 6. Be3 Nc6 7. Nge2 a6 8. Qd2
Rb8 9. Rc1 e5 10. d5 Ne7 11. Ng3 Ne8 12. Be2 f5 13. exf5 Nxf5 14. Nxf5 gxf5 15.
Bd3 c5 16. dxc6 bxc6 17. O-O Be6 18. Qe2 Qa5 19. a3 d5 20. cxd5 cxd5 21. Nd1
Rf6 22. Bxa6 Bf7 23. Bd3 e4 24. Bb1 Qa6 25. Qd2 d4 26. Bf4 e3 27. Qd3 Qxd3 28.
Bxd3 Rb3 29. Be2 d3 30. Bxd3 Rxd3 31. Nxe3 Re6 32. Nxf5 Bxb2 33. Rb1 Bxa3 34.
Rb7 Bc5+ 35. Kh1 Bf8 36. g4 Nd6 37. Rb8 Nxf5 38. gxf5 Re8 39. Rg1+ Bg7 40. f6
Rxb8 41. Rxg7+ Kf8 42. Bxb8 Rxf3 43. Be5 Ke8 44. Kg2 Bd5 45. Kg1 Rf5 46. Bb2
Rh5 47. Re7+ Kd8 48. Ra7 Rg5+ 49. Kf1 Ke8 50. Rxh7 Bg2+ 51. Kf2 Bd5 52. Ke3 Bf7
53. Kf4 Rh5 54. Rxh5 Bxh5 55. Kg5 Be2 56. Kg6 Bc4 57. Ba3 Bf7+ 58. Kf5 Bg8 59.
Be7 Bc4 60. h4 Kf7 1/2-1/2

[Event "VL18/19"]
[Site "Mecklenburg-Vorpommern"]
[Date "2018.12.16"]
[Round "4.3"]
[White "Hamann, Dirk"]
[Black "Schumacher, Ole"]
[Result "0-1"]
[WhiteElo "1880"]
[BlackElo "1835"]
[PlyCount "38"]
[EventDate "2018.??.??"]
[EventType "team-tourn"]
[EventRounds "9"]
[EventCountry "GER"]
[WhiteTeam "SFO Warnemuende"]
[BlackTeam "SF Schwerin III"]
[WhiteTeamCountry "GER"]
[BlackTeamCountry "GER"]

1. e4 c5 2. Nf3 d6 3. d4 cxd4 4. Nxd4 Nf6 5. Nc3 a6 6. Bg5 e6 7. Qd2 h6 8. Bh4
Nxe4 9. Nxe4 Qxh4 10. Qd3 d5 11. Nc3 Bc5 12. Nce2 Nc6 13. O-O-O Nxd4 14. Nxd4
Qxf2 15. c3 Bxd4 16. cxd4 e5 17. dxe5 Bf5 18. Rd2 Qe1+ 19. Rd1 Rc8+ 0-1

[Event "VL18/19"]
[Site "Mecklenburg-Vorpommern"]
[Date "2018.12.16"]
[Round "4.4"]
[White "Focke, Adrian"]
[Black "Boecking, Uwe"]
[Result "1-0"]
[WhiteElo "1808"]
[BlackElo "1721"]
[PlyCount "83"]
[EventDate "2018.??.??"]
[EventType "team-tourn"]
[EventRounds "9"]
[EventCountry "GER"]
[WhiteTeam "SF Schwerin III"]
[BlackTeam "SFO Warnemuende"]
[WhiteTeamCountry "GER"]
[BlackTeamCountry "GER"]

1. e4 c5 2. Nf3 e6 3. d4 cxd4 4. Nxd4 a6 5. Bd3 Qc7 6. O-O Nf6 7. Qe2 d6 8. c4
Be7 9. Nc3 Nbd7 10. f4 Qc5 11. Be3 Qh5 12. Nf3 O-O 13. h3 Nc5 14. Bc2 b5 15. b4
Na4 16. Nxa4 bxa4 17. Qd3 Bb7 18. Rad1 Nxe4 19. Bd4 Ng3 20. Rf2 Be4 21. Qd2
Bxc2 22. Qxc2 Qf5 23. Qxa4 Qxf4 24. Qd7 Nf5 25. Ne1 Qg5 26. Bb6 Bd8 27. Nf3 Qe7
28. Qxe7 Nxe7 29. Rxd6 Nf5 30. Rxd8 Raxd8 31. Bxd8 Rxd8 32. Rd2 Rxd2 33. Nxd2
Nd4 34. Kf2 Nc2 35. b5 axb5 36. cxb5 Nd4 37. a4 Kf8 38. Ke3 e5 39. Nf3 Nxf3 40.
b6 Nd4 41. a5 Nf5+ 42. Kf2 1-0

[Event "VL18/19"]
[Site "Mecklenburg-Vorpommern"]
[Date "2018.12.16"]
[Round "4.5"]
[White "Schmidt, Reinhard"]
[Black "Fischer, Torsten"]
[Result "1-0"]
[WhiteElo "1777"]
[BlackElo "1975"]
[PlyCount "121"]
[EventDate "2018.??.??"]
[EventType "team-tourn"]
[EventRounds "9"]
[EventCountry "GER"]
[WhiteTeam "SFO Warnemuende"]
[BlackTeam "SF Schwerin III"]
[WhiteTeamCountry "GER"]
[BlackTeamCountry "GER"]

1. e4 e6 2. d4 d5 3. exd5 exd5 4. Bd3 Nf6 5. Bg5 Be7 6. f3 O-O 7. Ne2 c5 8. c3
Qb6 9. Qb3 Qe6 10. Qd1 Nc6 11. O-O h6 12. Bh4 b6 13. Re1 Bb7 14. Bf2 Bd6 15.
Nd2 Qd7 16. Nf1 Rfe8 17. Qd2 c4 18. Bc2 b5 19. a3 a5 20. Neg3 Ne7 21. Be3 Ng6
22. Bf5 Qc7 23. Qc2 Nh4 24. Bh3 Bc8 25. Bxc8 Raxc8 26. Nf5 Nxf5 27. Qxf5 Qd7
28. Qxd7 Nxd7 29. Bf2 Nb6 30. Bg3 Bf8 31. Kf2 Na4 32. Rxe8 Rxe8 33. Rb1 Rc8 34.
Ne3 Nb6 35. Ke2 f6 36. Kd2 Kf7 37. Re1 g6 38. h3 h5 39. h4 Bh6 40. Kc2 Bf8 41.
Kc1 Bh6 42. Kc2 Rc6 43. Nd1 b4 44. axb4 axb4 45. cxb4 Bf8 46. b5 Rc8 47. Nc3
Be7 48. Ra1 Bd8 49. Ra6 g5 50. hxg5 fxg5 51. Kb1 Ke7 52. Rxb6 Bxb6 53. Nxd5+
Ke6 54. Nxb6 Rf8 55. Be5 h4 56. Nxc4 Kd5 57. b3 h3 58. gxh3 Rxf3 59. Kb2 Rxh3
60. b6 Kc6 61. Bc7 1-0

[Event "VL18/19"]
[Site "Mecklenburg-Vorpommern"]
[Date "2018.12.16"]
[Round "4.6"]
[White "Kupfernagel, Michael"]
[Black "Vladov, Mark"]
[Result "1-0"]
[WhiteElo "1939"]
[BlackElo "1639"]
[PlyCount "69"]
[EventDate "2018.??.??"]
[EventType "team-tourn"]
[EventRounds "9"]
[EventCountry "GER"]
[WhiteTeam "SF Schwerin III"]
[BlackTeam "SFO Warnemuende"]
[WhiteTeamCountry "GER"]
[BlackTeamCountry "GER"]

1. d4 Nf6 2. Nc3 d5 3. Bg5 c6 4. f3 h6 5. Bh4 g5 6. Bf2 Bf5 7. e3 Nbd7 8. Nge2
Bg6 9. h4 g4 10. Nf4 gxf3 11. gxf3 Bh7 12. Bd3 e5 13. Bxh7 exf4 14. Bf5 fxe3
15. Bxe3 Qe7 16. Qd2 Nb6 17. Bd3 Nc4 18. Bxc4 dxc4 19. O-O-O O-O-O 20. Rhe1 Qb4
21. Qf2 Nd5 22. Bd2 Nxc3 23. Bxc3 Qa4 24. a3 Rg8 25. Re5 b6 26. Rf5 Rd7 27. Re1
Bd6 28. f4 c5 29. Qf3 Kc7 30. dxc5 bxc5 31. Rd1 Qc6 32. Rfd5 Rg6 33. Be5 Bxe5
34. Rxd7+ Qxd7 35. Rxd7+ 1-0

[Event "VL18/19"]
[Site "Mecklenburg-Vorpommern"]
[Date "2018.12.16"]
[Round "4.7"]
[White "Fenske, Harald"]
[Black "Goertz, Frank"]
[Result "1/2-1/2"]
[WhiteElo "1583"]
[BlackElo "1860"]
[PlyCount "61"]
[EventDate "2018.??.??"]
[EventType "team-tourn"]
[EventRounds "9"]
[EventCountry "GER"]
[WhiteTeam "SFO Warnemuende"]
[BlackTeam "SF Schwerin III"]
[WhiteTeamCountry "GER"]
[BlackTeamCountry "GER"]

1. e4 e6 2. d4 d5 3. exd5 exd5 4. Nf3 Bd6 5. Nc3 c6 6. h3 Ne7 7. Bd3 Bf5 8. Bg5
f6 9. Be3 O-O 10. O-O Re8 11. Qd2 Nd7 12. a3 Nf8 13. Nh4 Bxd3 14. Qxd3 Qd7 15.
Rfe1 Neg6 16. Nxg6 Nxg6 17. Nd1 f5 18. c4 f4 19. Bd2 dxc4 20. Qxc4+ Kh8 21. Nc3
f3 22. Qf1 Nh4 23. g3 Ng2 24. Rxe8+ Rxe8 25. Kh2 Qf5 26. Rd1 h5 27. Bc1 h4 28.
Qd3 hxg3+ 29. fxg3 Qh5 30. Rf1 Ne1 31. Qd2 1/2-1/2

[Event "VL18/19"]
[Site "Mecklenburg-Vorpommern"]
[Date "2018.12.16"]
[Round "4.8"]
[White "Jaeschke, Jonathan"]
[Black "Staben, Thomas"]
[Result "0-1"]
[WhiteElo "1575"]
[BlackElo "1589"]
[PlyCount "98"]
[EventDate "2018.??.??"]
[EventType "team-tourn"]
[EventRounds "9"]
[EventCountry "GER"]
[WhiteTeam "SF Schwerin III"]
[BlackTeam "SFO Warnemuende"]
[WhiteTeamCountry "GER"]
[BlackTeamCountry "GER"]

1. c4 g6 2. Nc3 c5 3. g3 Bg7 4. Bg2 Nf6 5. e3 O-O 6. Nge2 Nc6 7. O-O d6 8. Rb1
Rb8 9. a3 Bf5 10. d3 Qc8 11. Re1 Re8 12. b4 cxb4 13. axb4 Ne5 14. e4 Bh3 15. f4
Nc6 16. b5 Bxg2 17. Kxg2 Na5 18. Be3 b6 19. Nd4 Ng4 20. Bg1 e5 21. Nde2 exf4
22. gxf4 Nf6 23. h3 Nh5 24. Nd5 Nf6 25. Nxf6+ Bxf6 26. Bd4 Bxd4 27. Nxd4 Qc5
28. Nb3 Nxb3 29. Rxb3 Rb7 30. Qa1 Ree7 31. Qa3 Qc7 32. Qb4 d5 33. e5 dxc4 34.
dxc4 Qd8 35. Rb2 Red7 36. Ree2 Rd3 37. Rbd2 Rbd7 38. Rxd3 Rxd3 39. Qb1 Qa8+ 40.
Kf2 Qf3+ 41. Ke1 Qh1+ 42. Kf2 Qxb1 43. e6 fxe6 44. Rxe6 Qc2+ 45. Kf1 Rd1+ 46.
Re1 Qd3+ 47. Kf2 Rd2+ 48. Kg1 Qg3+ 49. Kf1 Qf2# 0-1

[Event "VL18/19"]
[Site "Mecklenburg-Vorpommern"]
[Date "2018.12.16"]
[Round "4.1"]
[White "Mehl, Ronald"]
[Black "Lange, Jannis"]
[Result "1/2-1/2"]
[WhiteElo "2044"]
[BlackElo "1840"]
[PlyCount "91"]
[EventDate "2018.??.??"]
[EventType "team-tourn"]
[EventRounds "9"]
[EventCountry "GER"]
[WhiteTeam "FHSG Stralsund"]
[BlackTeam "Greifswalder SV II"]
[WhiteTeamCountry "GER"]
[BlackTeamCountry "GER"]

1. d4 Nf6 2. c4 g6 3. Nc3 d5 4. Nf3 Bg7 5. Qb3 c6 6. Bg5 dxc4 7. Qxc4 Be6 8.
Qa4 Nd5 9. e3 Nd7 10. Nxd5 cxd5 11. Bd3 O-O 12. O-O Nb6 13. Qb4 f6 14. Bf4 Bd7
15. Rfc1 Bc6 16. b3 Qe8 17. Bc7 Nc8 18. a4 e5 19. Bb5 Qd7 20. Bxc6 bxc6 21. Ba5
e4 22. Ne1 Ne7 23. Qd2 Rfc8 24. Ra2 Bf8 25. Bb4 Nf5 26. Bxf8 Kxf8 27. Qd1 Rab8
28. Rc3 Ne7 29. Rb2 Qd6 30. Rc5 Rb7 31. Qc2 Rcb8 32. Qc3 Kg7 33. Nc2 f5 34. f3
exf3 35. gxf3 Qf6 36. b4 f4 37. e4 Qg5+ 38. Kh1 Qf6 39. Rb1 Rf8 40. Rf1 dxe4
41. fxe4 f3 42. Rf2 Qh4 43. Qe3 Rf4 44. Re5 Qg4 45. Qe1 Ng8 46. Qf1 1/2-1/2

[Event "VL18/19"]
[Site "Mecklenburg-Vorpommern"]
[Date "2018.12.16"]
[Round "4.2"]
[White "Mildner, Jens"]
[Black "Hubert, Peter"]
[Result "1/2-1/2"]
[WhiteElo "2023"]
[BlackElo "1997"]
[PlyCount "68"]
[EventDate "2018.??.??"]
[EventType "team-tourn"]
[EventRounds "9"]
[EventCountry "GER"]
[WhiteTeam "Greifswalder SV II"]
[BlackTeam "FHSG Stralsund"]
[WhiteTeamCountry "GER"]
[BlackTeamCountry "GER"]

1. d4 d5 2. c4 e6 3. Nc3 Nf6 4. cxd5 exd5 5. Bg5 Be7 6. e3 O-O 7. Qc2 c6 8. Bd3
Nbd7 9. Nf3 h6 10. Bh4 Re8 11. O-O Nh5 12. Bxe7 Rxe7 13. Rab1 Nhf6 14. b4 Nf8
15. b5 cxb5 16. Nxb5 a6 17. Nc3 Rc7 18. Qb3 Be6 19. Rfc1 Rac8 20. Qb2 N8d7 21.
h3 Rc6 22. Ne2 Rxc1+ 23. Rxc1 Rxc1+ 24. Qxc1 Nb6 25. Nf4 Qc8 26. Qb1 Nc4 27.
Nxe6 fxe6 28. Qb4 Qc7 29. Nh4 b5 30. Ng6 Qd6 31. Qb1 Nd7 32. Nf4 Nf6 33. Ng6
Nd7 34. Nf4 Nf6 1/2-1/2

[Event "VL18/19"]
[Site "Mecklenburg-Vorpommern"]
[Date "2018.12.16"]
[Round "4.3"]
[White "Glawe, Hartmut"]
[Black "Schwahn, Christian"]
[Result "1/2-1/2"]
[WhiteElo "1942"]
[BlackElo "1984"]
[PlyCount "57"]
[EventDate "2018.??.??"]
[EventType "team-tourn"]
[EventRounds "9"]
[EventCountry "GER"]
[WhiteTeam "FHSG Stralsund"]
[BlackTeam "Greifswalder SV II"]
[WhiteTeamCountry "GER"]
[BlackTeamCountry "GER"]

1. d4 Nf6 2. Nf3 e6 3. Bf4 b6 4. e3 Bb7 5. Be2 Be7 6. h3 O-O 7. O-O a5 8. c4 d6
9. Nc3 Nbd7 10. Qc2 Nh5 11. Bh2 g6 12. Rfd1 f5 13. e4 fxe4 14. Nxe4 Nf4 15. c5
Bd5 16. Ne1 bxc5 17. dxc5 Bxe4 18. Qxe4 Nxc5 19. Qc4 d5 20. Bxf4 dxc4 21. Rxd8
Raxd8 22. Bxc7 Rd2 23. Bxc4 Bd8 24. Bg3 Bf6 25. Rb1 Bxb2 26. Bh4 Re8 27. Bg5
Bc3 28. Bxd2 Bxd2 29. Nd3 1/2-1/2